Measuring risk in complex stochastic systems

Αποθηκεύτηκε σε:
Λεπτομέρειες βιβλιογραφικής εγγραφής
Άλλοι συγγραφείς: Franke, Jürgen, 1952- (Επιμελητής έκδοσης), Hardle, Wolfgang (Επιμελητής έκδοσης), Stahl, Gerhard (Επιμελητής έκδοσης)
Μορφή: Βιβλίο
Γλώσσα:English
Δημοσίευση: New York : Springer, c2000.
Σειρά:Lecture notes in statistics (Springer-Verlag) ; 147
Θέματα:
Ετικέτες: Προσθήκη ετικέτας
Δεν υπάρχουν, Καταχωρήστε ετικέτα πρώτοι!

MARC

LEADER 00000cam a2200000 i 4500
001 1/61189
008 071031s2000 nyu ||| | eng||
020 |a 038798996X 
035 |l 10091971 
040 |a GR-MyUA  |b gre  |e AACR2 
041 0 |a eng 
082 0 |a 658.155   |2 (22) 
245 1 0 |a Measuring risk in complex stochastic systems /   |c Jurgen Franke, Wolfgang Hardle, Gerhard Stahl, editors.  
260 |a New York :   |b Springer,   |c c2000.  
300 |a xiii, 257 σ. ;   |c 24 εκ.  
490 1 |a (Lecture notes in statistics   |v ; 147) 
504 |a Περιλαμβάνει βιβλιογραφικές παραπομπές και ευρετήριο.  
650 0 0 |a Risk management  |x Mathematical models. 
650 0 0 |a Investments  |x Mathematical models. 
650 0 0 |a Finance  |x Mathematical models. 
650 0 0 |a Asset-liability management. 
700 1 |a Franke, Jürgen,   |d 1952-  |e edt 
700 1 |a Hardle, Wolfgang,  |e edt 
700 1 |a Stahl, Gerhard,  |e edt 
830 0 |a Lecture notes in statistics (Springer-Verlag)  |v ; 147 
852 |a INST  |b SAMOS  |e 20071031  |h 658.155 MEA  |p 005300027961  |q 005300027961  |t BK  |y 0 
901 |a BIBL3-2007-3 
909 |a Σ  |b 140066 
922 |a 3ΕΛΗ  |b 200710  |c ΕΠΕΑΕΚ2/ΤΣΑΕ  |d ΠΑΠΑΣΩΤΗΡΙΟΥ 
970 |a ΡΟΥΣΣΟΥ  |b ΚΩΝΣΤΑΝΤΙΝΑ  |z 2007/10/19